• 首页
  • 本馆介绍
  • 公告通知
  • 最新文献
  • 馆藏检索
  • 电子资源
  • 读者导购
  • 参考咨询
  • 我的图书馆
  • 登录
  • 详细信息显示
  • 放入我的书架
  • 预约/预借图书
  • 作者相关作品
  • 分类相关作品
  • 丛书相关作品
  • 出版社相关作品

书目信息

  • 表格格式
  • 工作单格式
  • 卡片格式
题名:
西方出版产业营销战略
    
 
作者: 苏世军 , 张养志 主编 ;李宝玲 编著
分册:  
出版信息: 北京   中国人民大学出版社  2012
页数: 232页
开本: 24cm
丛书名:
单 册:
中图分类: G235
科图分类:
主题词: 出版业--营销战略--西方国家--教材--英文 , 出版业 , 营销战略
电子资源:
ISBN: 978-7-300-16147-1
000 01281nam0 2200301 450
001 523
005 20140909172042.25
010    @a978-7-300-16147-1@dCNY31.00
100    @a20121108d2012 em y0chiy50 ea
101 0  @achi@aeng
102    @aCN@b110000
105    @ay z 000yy
106    @ar
200 1  @a西方出版产业营销战略@AXi Fang Chu Ban Chan Ye Ying Xiao Zhan Lue@dStrategy for marketing in the west publishing industry@f苏世军,张养志主编@FSu Shi Jun, Zhang Yang Zhi Zhu Bian@g李宝玲编著@zeng
210    @a北京@c中国人民大学出版社@d2012
215    @a232页@d24cm
300    @a西方编辑出版理论与实务(英文版)系列教材
330    @a本书以突出西方出版教育与实践有机融为一体的核心价值为原则,以西方出版经济学的基本概念为起点,介绍了出版物市场的结构和范畴、销售队伍的素养和职责、出版物网络营销与传统营销的关系,从理论和实践阐述了从业者应掌握的基本要素。
510 1  @aStrategy for marketing in the west publishing industry@zeng
606 0  @a出版业@x营销战略@x西方国家@j教材@j英文
606 0  @a出版业
606 0  @a营销战略
690    @aG235@v5
701  0 @a苏世军@ASu Shi Jun@f(1956~)@4主编
701  0 @a张养志@AZhang Yang Zhi@f(1964.8~)@4主编
702  0 @a李宝玲@ALi Bao Ling@c(女)@4编著
801  0 @aCN@bTANGWEI@c20140603
905    @b0842303-05@dG235@e61@f3
    
    西方出版产业营销战略=Strategy for marketing in the west publishing industry/苏世军,张养志主编/李宝玲编著.-北京:中国人民大学出版社,2012
    232页;24cm
    西方编辑出版理论与实务(英文版)系列教材
    
    ISBN 978-7-300-16147-1:CNY31.00
    本书以突出西方出版教育与实践有机融为一体的核心价值为原则,以西方出版经济学的基本概念为起点,介绍了出版物市场的结构和范畴、销售队伍的素养和职责、出版物网络营销与传统营销的关系,从理论和实践阐述了从业者应掌握的基本要素。
●
相关链接 在E读中查询图书 在五车中查询图书 在当当中查询图书 在豆瓣中查询图书


正题名:西方出版产业营销战略     索取号:G235/61         预约/预借

序号 登录号 条形码 馆藏地/架位号 状态 备注
1 0842303   208423035   第一样本阅览室/ [索取号:G235/61] 在馆    
2 0842304   208423044   密集书库-海洋学院/ [索取号:G235/61] 在馆    
3 0842305   208423053   第四借阅区/ [索取号:G235/61] 在馆    
唐山师范学院图书馆 欢迎您!
大连网信软件有限公司© 版权所有